000 00818nam a22002777a 4500
001 00260
003 DO-SdBNP
005 20240731101956.0
008 151125b1998 sp ||| 00| 0 spa d
020 _a8495002523
040 _aBPMSU
_bspa
_cBPMSU
082 4 _a808.83
_bF134 1998
_222
245 0 0 _aFábulas /
_cEsopo, Iriarte, La Fontaine y Samaniego
260 _aMadrid :
_bEdimat Libros,
_c1998.
300 _a187 p. ;
_c18 cm.
490 1 _aCosmos
650 4 _aAnimales
_xFábulas
650 4 _aFábulas
_vColecciones
700 1 _aEsopo,
_d 620-550 a. de C
700 1 _aaIriarte, Tomás de,
_d1750-1791.
700 1 _aSamaniego, Felix María de,
_d1745-1801.
700 1 _aLa Fontaine, Jean de,
_d1621-1695.
830 0 _aCosmos
910 _aVMateo V. Control de calidad (BPMSU)
942 _2ddc
_cBK
999 _c8912
_d8912